UBT Library

ESSENTIALS OF HEALTH INFORMATION MANAGEMENT (Record no. 4628)

000 -LEADER
fixed length control field 00309nam a22001337a 4500
008 - FIXED-LENGTH DATA ELEMENTS--GENERAL INFORMATION
fixed length control field 170204b xxu||||| |||| 00| 0 eng d
020 ## - INTERNATIONAL STANDARD BOOK NUMBER
International Standard Book Number 9780766845022
041 ## - LANGUAGE CODE
Language code of text/sound track or separate title eng
080 ## - UNIVERSAL DECIMAL CLASSIFICATION NUMBER
Universal Decimal Classification number 61
100 ## - Rafti
Rafti 3
101 ## - Shkurtesa
Shkurtesa SHM
245 ## - TITLE STATEMENT
Title ESSENTIALS OF HEALTH INFORMATION MANAGEMENT
Statement of responsibility, etc GREEN, M.A
942 ## - ADDED ENTRY ELEMENTS (KOHA)
Source of classification or shelving scheme
Item type Books
Holdings
Withdrawn status Lost status Source of classification or shelving scheme Damaged status Not for loan Collection code Permanent location Current location Shelving location Date acquired Total Checkouts Full call number Barcode Date last seen Price effective from Koha item type
          Koleksioni i përgjithshem UBT - Lipjan UBT - Lipjan Koleksioni i përgjithshem 02/04/2017   61 GRE 002-037872 02/04/2017 02/04/2017 Books
          Koleksioni i përgjithshem UBT - Lipjan UBT - Lipjan   12/19/2022   61GRE 002-8000287002601191 12/19/2022 12/19/2022 Books
UBT Library © 2015-2024. All rights reserved University Education for Business and Technology